LEADER 01074cam0 22002891 450 001 SOBE00048547 005 20150910105324.0 100 $a20150910d1975 |||||ita|0103 ba 101 $aita 102 $aIT 200 1 $aRazionalismo critico e teologia$eEbeling, razionalismo critico ?$eAlbert, sentieri interrotti della teologia$fGerhard Ebeling, Hans Albert 210 $aMilano$cJaka Book$d1975 215 $aXXIV, 227 p.$d24 cm 225 2 $aTeologia$xinformazione$v3 410 1$1001SOBE00036624$12001 $a*Teologia, informazione$v3 700 1$aEbeling$b, Gerhard$3A600200050312$4070$0162405 701 1$aAlbert, Hans$3AF00009398$4070$0142269 702 1$aMerli, Dino$3SOBA00011521$4070 801 0$aIT$bUNISOB$c20150910$gRICA 850 $aUNISOB 852 $aUNISOB$j200$m22595 912 $aSOBE00048547 940 $aM 102 Monografia moderna SBN 941 $aM 957 $a200$b000253$gSI$d22595$racquisto$1catenaccif$2UNISOB$3UNISOB$420150910105256.0$520150910105324.0$6catenaccif 996 $aRazionalismo critico e teologia$91709666 997 $aUNISOB